[Event "7th Reykjavik op"]
[Site "Reykjavik ISL"]
[Date "1976.??.??"]
[Round "12"]
[White "Olafsson, Helgi"]
[Black "Sigurjonsson, Gudmundur"]
[WhiteElo "2370"]
[BlackElo "2530"]
[Result "0-1"]
[EventDate "1976.08.24"]
[PlyCount "68"]

1.e4 d6 2.d4 Nf6 3.Nc3 g6 4.Nf3 Bg7 5.Be2 O-O 6.O-O Bg4 7.Be3 Nc6 8.d5 
Bxf3 9.Bxf3 Ne5 10.Be2 c6 11.f4 Ned7 12.Bf3 Qc7 13.Qe2 cxd5 14.exd5 a6 15.
a4 Nb6 16.Bf2 Rfe8 17.Kh1 Rac8 18.Bd4 Nfd7 19.Bxg7 Kxg7 20.Bg4 f5 21.Bf3 
Qc4 22.a5 Qxe2 23.Bxe2 Nc4 24.Bxc4 Rxc4 25.g3 Nf6 26.Rfd1 Rec8 27.Rd2 Rb4 
28.Ra2 Rcc4 29.Kg2 Rd4 30.Rxd4 Rxd4 31.Ra3 Nxd5 32.Rb3 Nxc3 33.bxc3 Rd5 
34.Rxb7 Kf7 0-1

[Event "7th Reykjavik op"]
[Site "Reykjavik ISL"]
[Date "1976.??.??"]
[Round "12"]
[White "Petursson, Margeir"]
[Black "Antoshin, Vladimir"]
[WhiteElo "2390"]
[BlackElo "2460"]
[Result "1-0"]
[EventDate "1976.08.24"]
[PlyCount "105"]

1.c4 f5 2.Nf3 Nf6 3.g3 d6 4.Bg2 c6 5.Nc3 e5 6.d3 Be7 7.O-O O-O 8.e4 fxe4 
9.dxe4 Na6 10.h3 Nc5 11.Qe2 a5 12.Rd1 Qe8 13.Ne1 Be6 14.Nc2 h6 15.Bd2 Qf7 
16.Ne3 Qg6 17.Nf1 Rf7 18.f3 Raf8 19.g4 h5 20.Ne3 hxg4 21.hxg4 Ne8 22.Nf5 
Bg5 23.b3 Bc8 24.Bxg5 Qxg5 25.Qd2 Qg6 26.Kf2 Nf6 27.Qxd6 Nxg4+ 28.fxg4 
Nxe4+ 29.Nxe4 Qxg4 30.Kg1 Bxf5 31.Qxe5 Bxe4 32.Qxe4 Rf4 33.Qe1 Qg5 34.Rd3 
Rf2 35.Qe6+ R8f7 36.Qe8+ Rf8 37.Qe6+ R8f7 38.Qh3 Qc5 39.Qe3 Qh5 40.Rd8+ 
Kh7 41.Rd3 R2f4 42.Qh3 Rh4 43.Qxh4 Qxh4 44.Rh3 Qxh3 45.Bxh3 a4 46.b4 Rf4 
47.Rc1 Kg6 48.Bc8 b5 49.Bd7 bxc4 50.Bxc6 c3 51.a3 Rc4 52.Bxa4 Kf5 53.Bb3 
1-0

[Event "7th Reykjavik op"]
[Site "Reykjavik ISL"]
[Date "1976.??.??"]
[Round "12"]
[White "Tukmakov, Vladimir"]
[Black "Olafsson, Fridrik"]
[WhiteElo "2490"]
[BlackElo "2550"]
[Result "1/2-1/2"]
[EventDate "1976.08.24"]
[PlyCount "64"]

1.Nf3 d5 2.g3 g6 3.Bg2 Bg7 4.O-O Nf6 5.d3 O-O 6.c3 b6 7.Qa4 h6 8.e4 dxe4 
9.dxe4 Bb7 10.e5 Ne4 11.Rd1 Qc8 12.Be3 Na6 13.Qc2 Nac5 14.b4 Ne6 15.Nh4 
N6g5 16.f3 Nh3+ 17.Bxh3 Qxh3 18.fxe4 Bxe5 19.Bxh6 Rfd8 20.Rxd8+ Rxd8 21.
Nd2 Bf6 22.Ndf3 Qg4 23.e5 Bxh4 24.Nxh4 g5 25.Qf5 Rd1+ 26.Rxd1 Qxd1+ 27.Qf1
Qxf1+ 28.Kxf1 gxh4 29.gxh4 Bd5 30.a3 a5 31.Bg5 axb4 32.cxb4 b5 1/2-1/2

[Event "7th Reykjavik op"]
[Site "Reykjavik ISL"]
[Date "1976.??.??"]
[Round "12"]
[White "Vukcevich, Milan"]
[Black "Matera, Sal"]
[WhiteElo "2490"]
[BlackElo "2420"]
[Result "0-1"]
[EventDate "1976.08.24"]
[PlyCount "68"]

1.e4 c5 2.Nf3 e6 3.d4 cxd4 4.Nxd4 a6 5.Nc3 Qc7 6.g3 Nf6 7.Bg2 Be7 8.O-O 
O-O 9.Be3 Nc6 10.f4 d6 11.Kh1 Rb8 12.a4 Re8 13.e5 dxe5 14.Nxc6 bxc6 15.
fxe5 Nd5 16.Bd4 c5 17.Rxf7 cxd4 18.Qh5 Nxc3 19.Raf1 Rf8 20.bxc3 Bb7 21.
cxd4 Bxg2+ 22.Kxg2 Qxc2+ 23.Kg1 Qd3 24.R1f4 Ba3 25.Kg2 Rb2+ 26.Kh3 Qg6 27.
Rxf8+ Bxf8 28.Qf3 Qh6+ 29.Kg4 g6 30.h4 Rh2 31.Rf6 Qh5+ 32.Kf4 Bh6+ 33.Ke4 
Re2+ 34.Kd3 Re3+ 0-1

[Event "7th Reykjavik op"]
[Site "Reykjavik ISL"]
[Date "1976.??.??"]
[Round "12"]
[White "Westerinen, Heikki"]
[Black "Keene, Raymond Dennis"]
[WhiteElo "2485"]
[BlackElo "2460"]
[Result "1/2-1/2"]
[EventDate "1976.08.24"]
[PlyCount "72"]

1.e4 g6 2.d4 Bg7 3.Nc3 d6 4.Be3 a6 5.f4 b5 6.Be2 Nd7 7.Bf3 Bb7 8.e5 Qc8 9.
Qe2 e6 10.O-O-O Ne7 11.d5 Nxd5 12.Nxd5 exd5 13.Bg4 O-O 14.e6 fxe6 15.Bxe6+
Kh8 16.Nh3 Qe8 17.Ng5 Nc5 18.Bxc5 dxc5 19.h4 Qd8 20.c3 Qf6 21.Kb1 d4 22.h5
h6 23.Qe5 gxh5 24.Qxf6 Rxf6 25.Rxh5 Rxf4 26.Nf7+ Kh7 27.Rxc5 Re8 28.Bb3 
Re2 29.cxd4 Be4+ 30.Kc1 Rff2 31.Rh1 Bg6 32.Ng5+ Kh8 33.Rxc7 Bf8 34.Nf7+ 
Bxf7 35.Rxf7 Rxf7 36.Bxf7 Rxg2 1/2-1/2

[Event "7th Reykjavik op"]
[Site "Reykjavik ISL"]
[Date "1976.??.??"]
[Round "13"]
[White "Antoshin, Vladimir"]
[Black "Vukcevich, Milan"]
[WhiteElo "2460"]
[BlackElo "2490"]
[Result "1-0"]
[EventDate "1976.08.24"]
[PlyCount "83"]

1.d4 Nf6 2.c4 g6 3.g3 Bg7 4.Bg2 d5 5.cxd5 Nxd5 6.e4 Nb6 7.Ne2 O-O 8.O-O 
Nc6 9.d5 Ne5 10.Nbc3 c6 11.b3 cxd5 12.exd5 Bg4 13.Bd2 e6 14.dxe6 Bxe6 15.
Rc1 Nc6 16.Ne4 Qe7 17.Bg5 f6 18.Be3 Rfd8 19.Qe1 Nd5 20.Bc5 Qd7 21.Rd1 Qc7 
22.Ba3 Bf7 23.Bb2 Ne5 24.Rd2 Qe7 25.Qa1 f5 26.Nc5 Bh6 27.Nf4 Nxf4 28.Rxd8+
Rxd8 29.gxf4 Bxf4 30.Nxb7 Re8 31.h3 Nd3 32.Bf6 Qc7 33.Qd1 Nb4 34.a3 Nc6 
35.Nc5 Ne5 36.b4 Nc4 37.Re1 Rxe1+ 38.Qxe1 Nxa3 39.Bd5 Bh2+ 40.Kf1 Qb8 41.
Bxf7+ Kxf7 42.Qe7+ 1-0

[Event "7th Reykjavik op"]
[Site "Reykjavik ISL"]
[Date "1976.??.??"]
[Round "13"]
[White "Keene, Raymond Dennis"]
[Black "Angantysson, Haukur"]
[WhiteElo "2460"]
[BlackElo "2400"]
[Result "1-0"]
[EventDate "1976.08.24"]
[PlyCount "55"]

1.c4 g6 2.e4 Bg7 3.d4 d6 4.Nc3 Nf6 5.Be2 O-O 6.Nf3 e5 7.O-O Nbd7 8.Re1 c6 
9.Bf1 Ng4 10.h3 Nh6 11.Rb1 f6 12.b4 Nf7 13.b5 f5 14.bxc6 bxc6 15.Ba3 exd4 
16.Nxd4 Qf6 17.Nxc6 Qxc3 18.Bb2 Qxb2 19.Rxb2 Bxb2 20.exf5 g5 21.c5 dxc5 
22.Ne7+ Kg7 23.Nxc8 Bd4 24.Re7 Nf6 25.Nxa7 Nd5 26.Rb7 Nc3 27.Qf3 Kh8 28.
Rxf7 1-0

[Event "7th Reykjavik op"]
[Site "Reykjavik ISL"]
[Date "1976.??.??"]
[Round "13"]
[White "Matera, Sal"]
[Black "Westerinen, Heikki"]
[WhiteElo "2420"]
[BlackElo "2485"]
[Result "1/2-1/2"]
[EventDate "1976.08.24"]
[PlyCount "63"]

1.d4 Nf6 2.c4 g6 3.g3 Bg7 4.Bg2 O-O 5.Nf3 d6 6.O-O Nc6 7.Nc3 e5 8.d5 Ne7 
9.e4 Ne8 10.Ng5 h6 11.Nh3 c5 12.f4 Bd7 13.Be3 Qc8 14.Nf2 Kh7 15.fxe5 dxe5 
16.d6 Nc6 17.Bxc5 Na5 18.b4 b6 19.Bxb6 axb6 20.bxa5 bxa5 21.Nd5 Qc5 22.Qb3
Nxd6 23.Qb6 Rac8 24.Rac1 Be6 25.Rfd1 Qxb6 26.Nxb6 Rc6 27.c5 Nb7 28.Bh3 
Bxh3 29.Nxh3 Nxc5 30.Nd5 Rcc8 31.Ne7 Rc7 32.Nd5 1/2-1/2

[Event "7th Reykjavik op"]
[Site "Reykjavik ISL"]
[Date "1976.??.??"]
[Round "13"]
[White "Olafsson, Fridrik"]
[Black "Olafsson, Helgi"]
[WhiteElo "2550"]
[BlackElo "2370"]
[Result "1-0"]
[EventDate "1976.08.24"]
[PlyCount "117"]

1.c4 g6 2.e4 d6 3.d4 Nd7 4.Nc3 e5 5.Nge2 Bg7 6.Be3 Ngf6 7.f3 O-O 8.Qd2 c6 
9.d5 cxd5 10.cxd5 Nc5 11.h4 h5 12.b4 Na6 13.a3 Bd7 14.Nc1 Nh7 15.Nb3 Nc7 
16.Bd3 b6 17.O-O-O f5 18.Kb1 Bf6 19.g3 f4 20.gxf4 exf4 21.Bd4 Be8 22.Ne2 
a5 23.Bxf6 Qxf6 24.Qc3 Ba4 25.Qxf6 Nxf6 26.Kb2 Nd7 27.Nc3 axb4 28.axb4 Ne5
29.Be2 Bxb3 30.Kxb3 Kf7 31.Rc1 Rfb8 32.Ra1 Ke7 33.Rxa8 Rxa8 34.Rc1 Rb8 35.
Nd1 Kd7 36.Nf2 Rf8 37.Nh3 Rf7 38.Ng5 Re7 39.Bf1 Kc8 40.Bh3+ Kb8 41.Bf1 Kb7
42.Be2 Re8 43.Rg1 Kc8 44.Kc3 Re7 45.Kd4 Kb7 46.Nh3 Rf7 47.Rg5 Na6 48.Bxa6+
Kxa6 49.Rxe5 dxe5+ 50.Kxe5 Kb5 51.Kd6 Kxb4 52.e5 Kc4 53.e6 Rf5 54.Nxf4 
Rxf4 55.e7 Rf6+ 56.Kd7 Rf7 57.d6 Kd5 58.Kd8 Kxd6 59.e8=Q 1-0

[Event "7th Reykjavik op"]
[Site "Reykjavik ISL"]
[Date "1976.??.??"]
[Round "13"]
[White "Sigurjonsson, Gudmundur"]
[Black "Gunnarsson, Gunnar"]
[WhiteElo "2530"]
[BlackElo "2310"]
[Result "1-0"]
[EventDate "1976.08.24"]
[PlyCount "80"]

1.e4 c5 2.Nf3 Nc6 3.d4 cxd4 4.Nxd4 Nf6 5.Nc3 d6 6.Bc4 e6 7.Bb3 Be7 8.Be3 
O-O 9.f4 Qc7 10.Qf3 a6 11.f5 Na5 12.fxe6 Nxb3 13.exf7+ Rxf7 14.axb3 Ng4 
15.Qe2 Nxe3 16.Qxe3 Qc5 17.Nd5 Bd7 18.O-O-O Raf8 19.Kb1 h6 20.Qg3 Bf6 21.
b4 Qa7 22.Qxd6 Bg4 23.Nxf6+ Rxf6 24.Qd5+ Kh8 25.Rd3 Qb6 26.h3 Bc8 27.Qc5 
Qxc5 28.bxc5 Re8 29.Re1 Rf2 30.Rg3 Re5 31.b4 Bd7 32.Rg6 Rf4 33.Rd6 Be8 34.
Re6 Rxe6 35.Nxe6 Rf2 36.g4 Ba4 37.Nd4 Rd2 38.c3 Rd3 39.Kb2 Rxh3 40.e5 Be8 
1-0

[Event "7th Reykjavik op"]
[Site "Reykjavik ISL"]
[Date "1976.??.??"]
[Round "13"]
[White "Thorsteinsson, Bjorn"]
[Black "Petursson, Margeir"]
[WhiteElo "2415"]
[BlackElo "2390"]
[Result "0-1"]
[EventDate "1976.08.24"]
[PlyCount "126"]

1.e4 c5 2.Nf3 d6 3.d4 cxd4 4.Nxd4 Nf6 5.Nc3 a6 6.Be2 e6 7.O-O Qc7 8.f4 Nc6
9.Kh1 Be7 10.Bf3 O-O 11.g4 d5 12.e5 Nd7 13.g5 Nxd4 14.Qxd4 b5 15.a3 Bb7 
16.Bd2 Qb6 17.Qd3 Nc5 18.Qe2 d4 19.Ne4 Nxe4 20.Bxe4 Rac8 21.Rac1 Bxe4+ 22.
Qxe4 Qc6 23.Qxc6 Rxc6 24.c3 dxc3 25.Rxc3 Rxc3 26.Bxc3 Rc8 27.Rd1 g6 28.Rd3
Rc4 29.Rd4 Rxd4 30.Bxd4 Kf8 31.Kg2 Ke8 32.Kf3 a5 33.Bc3 a4 34.Ke4 Kd7 35.
Bb4 Bd8 36.h3 Kc6 37.Bd6 Ba5 38.Bb4 Bb6 39.Be1 Bg1 40.Bb4 Bf2 41.Kf3 Bd4 
42.Ke4 Bxb2 43.Be7 Bc3 44.Kd3 Ba5 45.Kd4 Bb6+ 46.Kd3 Kd5 47.Bb4 Bc5 48.
Bxc5 Kxc5 49.Kc3 b4+ 50.axb4+ Kb5 51.h4 a3 52.Kb3 a2 53.Kxa2 Kxb4 54.Kb2 
Kc4 55.Ka3 Kc3 56.Ka4 Kd4 57.Kb5 Ke4 58.Kc5 Kxf4 59.Kd6 Kf5 60.Ke7 Kxe5 
61.Kxf7 Kf5 62.Kg7 Kg4 63.Kxh7 Kh5 0-1

[Event "7th Reykjavik op"]
[Site "Reykjavik ISL"]
[Date "1976.??.??"]
[Round "13"]
[White "Timman, Jan"]
[Black "Johannsson, Ingi Randver"]
[WhiteElo "2550"]
[BlackElo "2395"]
[Result "1-0"]
[EventDate "1976.08.24"]
[PlyCount "73"]

1.e4 e5 2.Nf3 Nc6 3.Bb5 a6 4.Ba4 Nf6 5.O-O Be7 6.Re1 b5 7.Bb3 O-O 8.c3 d5 
9.exd5 Nxd5 10.Nxe5 Nxe5 11.Rxe5 c6 12.d4 Bd6 13.Re1 Qh4 14.g3 Qh3 15.Be3 
Bg4 16.Qd3 Rae8 17.Nd2 Re6 18.c4 Bf4 19.cxd5 Rh6 20.Qe4 Qxh2+ 21.Kf1 Bxe3 
22.Rxe3 Rf6 23.f3 Bf5 24.Qe5 Qh1+ 25.Ke2 Qxa1 26.dxc6 Qc1 27.d5 Rh6 28.g4 
Bc2 29.Bxc2 Qxc2 30.c7 b4 31.Re4 f5 32.Rc4 Rh2+ 33.Qxh2 Re8+ 34.Kf2 Qxd2+ 
35.Kg3 Qxd5 36.c8=Q Qe5+ 37.Kh3 1-0

[Event "7th Reykjavik op"]
[Site "Reykjavik ISL"]
[Date "1976.??.??"]
[Round "14"]
[White "Angantysson, Haukur"]
[Black "Tukmakov, Vladimir"]
[WhiteElo "2400"]
[BlackElo "2490"]
[Result "0-1"]
[EventDate "1976.08.24"]
[PlyCount "110"]

1.e4 c5 2.Nf3 Nc6 3.Bb5 g6 4.O-O Bg7 5.Re1 Nf6 6.c3 O-O 7.d4 cxd4 8.cxd4 
d5 9.e5 Ne4 10.Nc3 Nxc3 11.bxc3 Na5 12.Bf4 Bd7 13.Bd3 Rc8 14.Rc1 Rc6 15.
Nd2 Qc8 16.Nb3 Nc4 17.Qf3 Bf5 18.Nc5 Bxd3 19.Nxd3 e6 20.Bg5 Qc7 21.h4 h6 
22.Bf4 Qe7 23.g3 Rfc8 24.Kg2 R6c7 25.Nc5 Rxc5 26.dxc5 Rxc5 27.Be3 Ra5 28.
Bd4 Rxa2 29.Ra1 Rxa1 30.Rxa1 b6 31.Qe2 Qc7 32.f4 h5 33.g4 hxg4 34.Kg3 Na5 
35.Qb5 Nc6 36.Qd3 Ne7 37.Kxg4 Nf5 38.Rh1 Qc6 39.h5 gxh5+ 40.Rxh5 Qa4 41.
Rh1 b5 42.Kf3 a6 43.Rh5 Qa1 44.Bf2 Bh6 45.Kg2 Qa4 46.Bd4 Qc4 47.Qxc4 dxc4 
48.Kf3 b4 49.Bc5 bxc3 50.Rh1 Bg7 51.Rg1 Kh7 52.Rc1 f6 53.Ke4 fxe5 54.fxe5 
Ng3+ 55.Kf3 Bxe5 0-1

[Event "7th Reykjavik op"]
[Site "Reykjavik ISL"]
[Date "1976.??.??"]
[Round "14"]
[White "Gunnarsson, Gunnar"]
[Black "Olafsson, Fridrik"]
[WhiteElo "2310"]
[BlackElo "2550"]
[Result "1/2-1/2"]
[EventDate "1976.08.24"]
[PlyCount "61"]

1.e4 c5 2.Nf3 e6 3.d4 cxd4 4.Nxd4 Nc6 5.Nc3 a6 6.Be3 Qc7 7.Qd2 Nf6 8.a3 b5
9.Nxc6 Qxc6 10.f3 Bb7 11.e5 Nd5 12.Nxd5 Qxd5 13.Qxd5 Bxd5 14.a4 b4 15.Bd4 
Be7 16.Bd3 f6 17.O-O-O f5 18.b3 Kf7 19.Rhf1 h5 20.g3 Bc6 21.Be2 g5 22.h3 
Kg7 23.Kb1 Bd5 24.Rd2 h4 25.g4 fxg4 26.fxg4 Rhf8 27.Rxf8 Bxf8 28.Be3 Be7 
29.Bc4 Bc6 30.Bf1 Kf7 31.Rf2+ 1/2-1/2

[Event "7th Reykjavik op"]
[Site "Reykjavik ISL"]
[Date "1976.??.??"]
[Round "14"]
[White "Johannsson, Ingi Randver"]
[Black "Sigurjonsson, Gudmundur"]
[WhiteElo "2395"]
[BlackElo "2530"]
[Result "1/2-1/2"]
[EventDate "1976.08.24"]
[PlyCount "31"]

1.Nf3 g6 2.d4 Nf6 3.Bf4 Bg7 4.Nbd2 d6 5.e4 O-O 6.Be2 Nc6 7.O-O Nxd4 8.Nxd4
e5 9.Be3 exd4 10.Bxd4 Re8 11.Bf3 Bd7 12.Re1 Bc6 13.c3 Nd7 14.Bxg7 Kxg7 15.
Nb3 Ne5 16.Nd4 1/2-1/2

[Event "7th Reykjavik op"]
[Site "Reykjavik ISL"]
[Date "1976.??.??"]
[Round "14"]
[White "Keene, Raymond Dennis"]
[Black "Matera, Sal"]
[WhiteElo "2460"]
[BlackElo "2420"]
[Result "1/2-1/2"]
[EventDate "1976.08.24"]
[PlyCount "57"]

1.c4 Nf6 2.Nc3 e6 3.Nf3 Bb4 4.Qc2 O-O 5.a3 Bxc3 6.Qxc3 b6 7.e3 Bb7 8.Be2 
d6 9.b3 Nbd7 10.Bb2 Qe7 11.O-O e5 12.d3 Ng4 13.h3 Nh6 14.d4 Rae8 15.dxe5 
dxe5 16.Rfd1 Nf5 17.b4 Nd6 18.Rac1 Ne4 19.Qc2 Bc6 20.Ne1 f5 21.Bh5 Ra8 22.
Bf3 a5 23.b5 Bb7 24.Nd3 Rac8 25.c5 Ndxc5 26.Nxc5 Nxc5 27.Bxb7 Nxb7 28.Qc4+
Rf7 29.Qd3 1/2-1/2

[Event "7th Reykjavik op"]
[Site "Reykjavik ISL"]
[Date "1976.??.??"]
[Round "14"]
[White "Westerinen, Heikki"]
[Black "Antoshin, Vladimir"]
[WhiteElo "2485"]
[BlackElo "2460"]
[Result "1/2-1/2"]
[EventDate "1976.08.24"]
[PlyCount "80"]

1.e4 e5 2.Nf3 Nc6 3.Bb5 a6 4.Ba4 Nf6 5.O-O Be7 6.Re1 b5 7.Bb3 d6 8.c3 O-O 
9.h3 Nb8 10.d4 Nbd7 11.Nbd2 Bb7 12.Bc2 Re8 13.b3 Bf8 14.Bb2 g6 15.a4 Bg7 
16.Bd3 c6 17.b4 Nb6 18.axb5 cxb5 19.Rc1 Nh5 20.Bf1 exd4 21.cxd4 Rc8 22.
Rxc8 Qxc8 23.e5 dxe5 24.dxe5 Rd8 25.Qa1 Nf4 26.Bd4 Nc4 27.Nxc4 bxc4 28.Bb6
Re8 29.Qd4 Nxh3+ 30.gxh3 Bxf3 31.Qf4 Bd5 32.Bd4 Qe6 33.Re3 Bf8 34.h4 Qc6 
35.h5 Be6 36.Bc3 Rb8 37.Rg3 Qe8 38.Bxc4 Qc6 39.Bxe6 Qxe6 40.Qe4 Rd8 
1/2-1/2

[Event "7th Reykjavik op"]
[Site "Reykjavik ISL"]
[Date "1976.??.??"]
[Round "15"]
[White "Olafsson, Fridrik"]
[Black "Johannsson, Ingi Randver"]
[WhiteElo "2550"]
[BlackElo "2395"]
[Result "1-0"]
[EventDate "1976.08.24"]
[PlyCount "101"]

1.e4 e5 2.Bc4 Nf6 3.d3 Nc6 4.Nc3 Bb4 5.Ne2 d5 6.exd5 Nxd5 7.a3 Nxc3 8.Nxc3
Be7 9.O-O O-O 10.Be3 Bf5 11.f4 Qd7 12.Qf3 exf4 13.Bxf4 Nd4 14.Qf2 Bc5 15.
Be3 Be6 16.Ne4 Bb6 17.Rad1 Rae8 18.c3 Bxc4 19.dxc4 Rxe4 20.Bxd4 Bxd4 21.
Rxd4 Rxd4 22.cxd4 Qa4 23.Rc1 Re8 24.d5 Qb3 25.h3 b6 26.Rc3 Qd1+ 27.Kh2 Re5
28.Re3 Qd4 29.Rxe5 Qxe5+ 30.Qg3 Qe7 31.b4 f5 32.Qf4 g6 33.Qd4 Qd6+ 34.Kg1 
Qg3 35.c5 f4 36.Qe5 bxc5 37.bxc5 Qxa3 38.Qe8+ Kg7 39.Qe7+ Kh6 40.Qh4+ Kg7 
41.Qe7+ Kh6 42.h4 a5 43.Qg5+ Kg7 44.Qe5+ Kg8 45.d6 cxd6 46.cxd6 Qc1+ 47.
Kh2 Qc8 48.Qe7 Qf8 49.Qe6+ Kg7 50.d7 f3 51.Qe5+ 1-0

[Event "7th Reykjavik op"]
[Site "Reykjavik ISL"]
[Date "1976.??.??"]
[Round "15"]
[White "Thorsteinsson, Bjorn"]
[Black "Westerinen, Heikki"]
[WhiteElo "2415"]
[BlackElo "2485"]
[Result "1/2-1/2"]
[EventDate "1976.08.24"]
[PlyCount "82"]

1.e4 Nf6 2.e5 Nd5 3.d4 d6 4.Nf3 Bg4 5.Be2 c6 6.O-O Bxf3 7.Bxf3 dxe5 8.dxe5
e6 9.Qe2 Nd7 10.c4 Ne7 11.b3 Ng6 12.Bb2 Qc7 13.Be4 Ngxe5 14.f4 Ng6 15.f5 
Nf4 16.Qf3 e5 17.Nd2 O-O-O 18.Rad1 Nc5 19.Bc2 Ncd3 20.Bc3 Bb4 21.Ne4 Bxc3 
22.Nxc3 Qa5 23.Ne4 Nb4 24.Bb1 g6 25.g3 gxf5 26.Ng5 f6 27.Nf7 Rxd1 28.Rxd1 
Rg8 29.Kh1 Ng6 30.Qxf5+ Kb8 31.Qxf6 a6 32.Qd6+ Ka8 33.Bxg6 hxg6 34.Nxe5 
Nxa2 35.Nd7 Nc3 36.Rf1 Qd8 37.Qd4 c5 38.Qd6 Ne4 39.Qd5 Nc3 40.Qd6 Ne4 41.
Qd5 Re8 1/2-1/2

[Event "7th Reykjavik op"]
[Site "Reykjavik ISL"]
[Date "1976.??.??"]
[Round "15"]
[White "Tukmakov, Vladimir"]
[Black "Olafsson, Helgi"]
[WhiteElo "2490"]
[BlackElo "2370"]
[Result "1/2-1/2"]
[EventDate "1976.08.24"]
[PlyCount "89"]

1.Nf3 Nf6 2.c4 g6 3.Nc3 Bg7 4.g3 O-O 5.Bg2 d6 6.O-O c6 7.d4 Nbd7 8.Qc2 Nb6
9.b3 Bf5 10.Qd2 d5 11.cxd5 Nbxd5 12.Bb2 Ne4 13.Nxe4 Bxe4 14.Ne1 Bxg2 15.
Nxg2 Qd7 16.Rfe1 Rad8 17.Rad1 Rfe8 18.h4 Qc8 19.e4 Nc7 20.Qe2 Rd7 21.Rd3 
Red8 22.Red1 Nb5 23.e5 Nc7 24.h5 b6 25.Nf4 e6 26.Rc1 Bh6 27.Rf3 c5 28.hxg6
hxg6 29.dxc5 Rd2 30.Qe4 Rxb2 31.cxb6 axb6 32.Nxg6 Qd7 33.Qg4 Bg7 34.Nf4 
Qd4 35.Qg5 Ne8 36.Kg2 Ra8 37.Nh5 Qxe5 38.Nf6+ Qxf6 39.Rxf6 Nxf6 40.Qf4 e5 
41.Qf5 Nd5 42.Rc8+ Rxc8 43.Qxc8+ Kh7 44.Qf5+ Kg8 45.Qc8+ 1/2-1/2